| 000 | 00544nam a2200193Ia 4500 | ||
|---|---|---|---|
| 005 | 20250326141848.0 | ||
| 008 | 250326s9999 xx 000 0 und d | ||
| 020 | _a0-333-38405-9 | ||
| 037 | _aTextbook | ||
| 040 |
_aFMSL _beng _cFMSL |
||
| 041 |
_aeng _2eng |
||
| 084 |
_aX9B8(A) M6 _qFMSL |
||
| 100 |
_aBurns Paul Ed. _9403490 |
||
| 245 | 0 |
_aSmall business in Europe _cBurns Paul Ed.; Dewhurst Jim |
|
| 260 |
_aLondon _bLondon, Macmillan _c1986 |
||
| 300 | _axx,211 | ||
| 942 |
_cTB _hX9B8(A) M6 |
||
| 999 |
_c1292331 _d1292331 |
||